| 000 | 01079ntaaa2200289 4500 | ||
|---|---|---|---|
| 003 | 01 | ||
| 005 | 20251027203334.0 | ||
| 008 | 0714s1973 ag 01 | ||
| 020 | _a9788481698510 | ||
| 040 |
_aAR-BaBN _bspa _cAR-BaBN _eaacr _dRIC |
||
| 082 | _a487.4 Ze5 | ||
| 100 |
_aZerwick, Max _91446 |
||
| 245 |
_aAnálisis gramatical del griego del Nuevo Testamento / _cMax Zerwick, y Mary Grosvenor, y José Pérez Escobar, y Josep Rius-Camps |
||
| 260 |
_aEstella : _bEdit. Verbo Divino, _cc2008 |
||
| 300 |
_axlviii, 906, 17 p. ; _c20 cm. |
||
| 490 | _aInstrumentos para el estudio de la Biblia | ||
| 500 | _aTítulo original: Analysis philologica Novi Testamenti graeci | ||
| 500 | _aEd. original: Pontificio Istituto Biblico, 1966 | ||
| 500 | _aBasada en la ed. inglesa: A Grammatical Analysis of the Greek New Testament, 1996 | ||
| 500 | _aContiene glosario | ||
| 650 |
_aGRIEGO _99735 |
||
| 650 | _aNUEVO TESTAMENTO | ||
| 700 |
_aGrosvenor, Mary _937133 |
||
| 700 |
_aPérez Escobar, José _etraductor |
||
| 700 |
_aRius-Camps, Josep _erevisión _9865 |
||
| 942 | _cBK | ||
| 999 |
_c28881 _d28881 |
||